| 000 | 01585nam a2200361 4500 | ||
|---|---|---|---|
| 001 | 152 | ||
| 003 | OSt | ||
| 005 | 20250217153650.0 | ||
| 008 | 250128b |||||||g |||| 00| j eng d | ||
| 020 | _a8511513574 | ||
| 040 | _bpor | ||
| 041 |
_heng _apor |
||
| 082 |
_a823 _bC555tr |
||
| 100 | 1 |
_aChristie, Agatha, _d1890-1976 _9268 |
|
| 240 | _aThe labors of Hercules | ||
| 245 |
_aOs trabalhos de Hércules / _cChristie, Agatha ; Tradução de Barbara Heliodora |
||
| 260 |
_aRio de Janeiro _bRecord _c1987 |
||
| 300 | _a235 p. | ||
| 490 | 1 | _aDetetive Hercule Poirot | |
| 520 | _aNesta coletânea de contos, um dos personagens mais recorrentes na obra de Agatha Christie, Hercule Poirot, defronta-se com casos de assassinato, chantagem e fraudes. O detetive se vê diversas vezes diante de desafios inéditos em sua carreira. Mais do que nunca, sua imaginação e capacidade de dedução são postas em jogo. O LEÃO DA NÉMEIA; A HIDRA DE LERNA; A CORÇA DE ARCÁDIA; O JAVALI DE ERIMANTO; AS CAVALARIÇAS DE ÁUGIAS; AS AVES DO LAGO ESTÍNFALE; O TOURO DE CRETA; OS CAVALOS DE HIPÓLITA; O REBANHO DE CERIÃO; AS MAÇÃS DAS HESPÉRIDES; AS PROFUNDEZAS DO INFERNO. | ||
| 650 | 0 |
_aLiteratura Inglesa _989 |
|
| 650 | 0 |
_aHistorias curtas _967 |
|
| 650 | 0 |
_aRomance Policial _911 |
|
| 650 | 0 |
_aSuspense _910 |
|
| 650 | 0 |
_aMistério _942 |
|
| 650 | 0 |
_aCrime e Investigação _913 |
|
| 650 | 0 |
_aClássicos _977 |
|
| 650 | 0 |
_aFilme _926 |
|
| 655 | 0 |
_aConto _968 |
|
| 700 |
_aBarbara Heliodora _eTradutor _9289 |
||
| 830 |
_aDetetive Hercule Poirot _9271 |
||
| 942 |
_2ddc _n0 _cBK |
||
| 999 |
_c152 _d152 |
||